000 00542nam a2200193Ia 4500
005 20250326142214.0
008 250326s9999 xx 000 0 und d
020 _a1-85091-174-6
037 _aTextbook
040 _aFMSL
_beng
_cFMSL
041 _aeng
_2eng
084 _aX:74 M7
_qFMSL
100 _aHardy Len
245 0 _aSuccessful business strategy : how to win in the market place
_cHardy Len
260 _aLondon
_bLondon, Kogan Page
_c1987
300 _aix,258
942 _cTB
_hX:74 M7
999 _c1293928
_d1293928